000 00337nam a2200133Ia 4500
005 20260328104313.0
008 260328s9999||||xx |||||||||||||| ||und||
100 _aBierut, Michael
245 0 _aHow to Revised and Expanded Edition /
_cMichael Bierut
260 _bHarper
300 _a320 p.
650 _aDISEÑO GRÁFICO
942 _cBK
999 _c11042
_d11042